| 000 | 01050cam a22003257a 4500 | ||
|---|---|---|---|
| 003 | CHAP | ||
| 005 | 20220329142657.0 | ||
| 008 | 010926s2000 mx r 00010 spa d | ||
| 010 | _a86390 | ||
| 011 | _a87362 | ||
| 020 | _a0300076282 | ||
| 035 | _a97905 | ||
| 040 | _cCHAP | ||
| 082 | 0 | 4 |
_a339.46 _bD8 |
| 100 | 0 | 0 |
_aDuncan, Cynthia M. _934464 |
| 245 | 1 | 0 |
_aWorlds apart : _bwhy poverty persists in rural America : with a foreword by Robert Coles _c/by Cynthia M. Duncan |
| 260 |
_aNew Haven : _bYale University Press, _c1999. |
||
| 300 | _a235 p. | ||
| 590 |
_aBATCH-UPD _b10 _c20130110 _lUCH01 _h0321 |
||
| 590 |
_aBATCH-UPD _b10 _c20130110 _lUCH01 _h1512 |
||
| 590 |
_aCONVERSION _b10 _c20130109 _lUCH01 _h1348 |
||
| 650 | 0 | 4 |
_aE.U.A. _xCondiciones rurales. _934839 |
| 650 | 0 | 4 |
_aE.U.A. _xCondiciones sociales. _934840 |
| 650 | 0 | 4 |
_aPobreza. _989463 |
| 650 | 0 | 4 |
_aVida rural _xE.U.A. _9119153 |
| 901 | _aBK | ||
| 905 | _aAlejandra Carrasco M. | ||
| 942 | _cLIBRO | ||
| 949 |
_a339.46 D8 _bBC _cLIBRO _d33724000848768 _eLIBRO _h103154 _i97905 _kI.c/e _sb |
||
| 999 |
_c86390 _d86390 |
||